000 00745nam a22002411 4500
001 14507
003 BD-RjUL
005 20211208235636.0
008 140206s1965 nyua b 001 0 eng
035 _a(BD-RjUL)14559
040 _aDLC/ICU
_cICU
_dDLC
_dBD-RjUL
_beng
041 _aeng
082 0 0 _a621.381537
_bMIS 1965
100 1 _aMiller, Raymond E.
_q(Raymond Edward),
_d1928-
_939481
245 0 0 _aSwitching theory /
_cRaymond E. Miller.
_nVolume II :
_pSequential circuits and machines.
260 _aNew York :
_bWiley,
_cc1965.
300 _axiii, 250 p. :
_billus. ;
_c24 cm.
504 _aIncludes bibliographies and index.
650 0 _aSwitching theory.
_939482
942 _2ddc
_cBK
999 _c14507
_d14507